00352nam a2200121Ia 4500008004100000100001900041245012200060260001200182260001100194260000900205300000700214650000900221160117s9999 xx 000 0 und d aVaseetharan,S. aExtraction of Lecanoric acid from Parmotrema Grayana Lichon And its Effect on Histidine and Histamine content of Fish aColombo bIchemc c2009 a36 aFish